Vista normal Vista MARC

Entrada Topical Term

Número de registros utilizados en: 1

001 - CONTROL NUMBER

  • control field: 37902

003 - CONTROL NUMBER IDENTIFIER

  • control field: OSt

005 - DATE AND TIME OF LATEST TRANSACTION

  • control field: 20210526102510.0

008 - FIXED-LENGTH DATA ELEMENTS

  • fixed length control field: 210526|| aca||aabn | a|a d

040 ## - CATALOGING SOURCE

  • Original cataloging agency: OSt
  • Transcribing agency: OSt

150 ## - HEADING--TOPICAL TERM

  • Topical term or geographic name entry element: Mercados de trabajo

670 ## - SOURCE DATA FOUND

  • Source citation: Work cat.: (OSt)11816: Machinea, Jose Luis, autor 26519, Los mercados de trabajo, la protección de los trabajadores y el aprendizaje de por vida en una economía global : , 2008.